00570nam a2200133Ia 4500008004100000100002100041245010300062245011600165260005300281260001800334300000800352650001500360856006100375170221s9999 xx 000 0 und d aEugeny P. Kolpak aSpecial Aspects of Leasing Activities and Its Meaning in Conditions of Enterprise Competitiveness  cEugeny P. Kolpak, Ekaterina V. Gorynya, Aleksandra I. Shaposhnikova, Klara E. Khasenova, Nataliya S. Zemlyakova bInternational Review of Management and Marketing cNovember 2012 a1:2 xMarketing. uhttp://www.econjournals.com/index.php/irmm/issue/view/86